[Event "BL 1314 Hamburger SK - Schachfr. Berlin"]
[Site "?"]
[Date "2013.11.24"]
[Round "3.6"]
[White "Rogozenco, Dorian"]
[Black "Lauber, Arnd"]
[Result "1-0"]
[WhiteElo "2516"]
[BlackElo "2452"]
[PlyCount "58"]
[EventDate "2013.??.??"]

1. d4 e6 2. c4 Nf6 3. Nc3 Bb4 4. Qc2 d5 5. cxd5 exd5 6. Bg5 c5 7. dxc5 h6 8.
Bh4 g5 9. Bg3 Ne4 10. e3 Qa5 11. Rc1 Qxa2 12. Bb5+ Bd7 13. Bxd7+ Nxd7 14. Nge2
Nxc3 15. Nxc3 Qc4 16. Bd6 Bxc5 17. b3 Qa6 18. Bxc5 Nxc5 19. Rd1 Rc8 20. Nxd5 b6
21. Qc3 O-O 22. h4 Ne4 23. Ne7+ Kh7 24. Qb2 Rcd8 25. Nd5 g4 26. f3 Ng3 27. Nf6+
Kg6 28. h5+ Kf5 29. Nd5 Qa5+ 1-0

[Event "BL 1314 Werder Bremen - SK König Tegel"]
[Site "?"]
[Date "2013.11.24"]
[Round "3.1"]
[White "Rabiega, Robert"]
[Black "Areshchenko, Alexander"]
[Result "1/2-1/2"]
[WhiteElo "2498"]
[BlackElo "2720"]
[PlyCount "107"]
[EventDate "2013.??.??"]

1. e4 d6 2. d4 Nf6 3. Bd3 e5 4. c3 Nc6 5. Nf3 Bg4 6. dxe5 Nxe5 7. Be2 Bxf3 8.
Bxf3 d5 9. exd5 Nxf3+ 10. Qxf3 Qxd5 11. Qxd5 Nxd5 12. O-O O-O-O 13. Nd2 Nf4 14.
Nb3 Nd3 15. Rd1 Be7 16. Nd4 Nc5 17. Bf4 Bf6 18. Nb5 a6 19. Nxc7 Nd3 20. Bg3
Nxb2 21. Nd5 b5 22. Rd2 Kb7 23. Bf4 Nc4 24. Rdd1 Be5 25. Bxe5 Nxe5 26. a4 Rd7
27. axb5 axb5 28. f4 Rhd8 29. fxe5 Rxd5 30. Rxd5 Rxd5 31. Rf1 Rd7 32. Rf4 Kc6
33. Kf2 Rc7 34. Rd4 Re7 35. Rf4 Kd5 36. Rb4 Kc5 37. Rf4 g5 38. Rf6 h5 39. Ke3
Kd5 40. Rb6 Kc5 41. Rf6 Rxe5+ 42. Kd3 Rd5+ 43. Kc2 b4 44. cxb4+ Kxb4 45. Rxf7
Ra5 46. Kd3 Ra2 47. Rh7 h4 48. g3 hxg3 49. hxg3 Ra3+ 50. Ke4 Rxg3 51. Rg7 Kc3
52. Kf5 Kd3 53. Rxg5 Rxg5+ 54. Kxg5 1/2-1/2

[Event "BL 1314 Werder Bremen - SK König Tegel"]
[Site "?"]
[Date "2013.11.24"]
[Round "3.2"]
[White "Efimenko, Zahar"]
[Black "Stern, Rene"]
[Result "1/2-1/2"]
[WhiteElo "2657"]
[BlackElo "2515"]
[PlyCount "96"]
[EventDate "2013.??.??"]

1. e4 e5 2. Nf3 Nc6 3. Bb5 Nf6 4. d3 Bc5 5. c3 O-O 6. O-O Re8 7. Bg5 a6 8. Ba4
b5 9. Bb3 h6 10. Bh4 Be7 11. a4 b4 12. Nbd2 Rb8 13. h3 d6 14. d4 bxc3 15. bxc3
exd4 16. cxd4 Nb4 17. Re1 Be6 18. d5 Bd7 19. Bg3 Nd3 20. Re3 Nc5 21. Bc4 Rb4
22. Qe2 Rxa4 23. Re1 Nh5 24. Bh2 Bg5 25. Nxg5 Qxg5 26. e5 dxe5 27. Bxe5 Bxh3
28. f3 Nd7 29. f4 Qg6 30. Qf2 Bf5 31. Bxc7 Rxe3 32. Qxe3 Rb4 33. d6 Nhf6 34.
Qa3 Rb7 35. Re7 Be6 36. Bxe6 fxe6 37. Qxa6 Rb2 38. Ba5 Qh5 39. Qc8+ Kh7 40. Qc1
Rb5 41. Qc2+ Kg8 42. Qc8+ Kh7 43. Qc2+ Kg8 44. Qc8+ Kh7 45. Qc2+ Kg8 46. Qc8+
Nf8 47. Bc3 Rc5 48. Bxf6 gxf6 1/2-1/2

[Event "BL 1314 Werder Bremen - SK König Tegel"]
[Site "?"]
[Date "2013.11.24"]
[Round "3.3"]
[White "Richter, Michael"]
[Black "Edouard, Romain"]
[Result "0-1"]
[WhiteElo "2467"]
[BlackElo "2653"]
[PlyCount "48"]
[EventDate "2013.??.??"]

1. d4 Nf6 2. c4 e6 3. Nf3 c5 4. e3 a6 5. Nc3 d5 6. a3 b6 7. dxc5 bxc5 8. cxd5
exd5 9. e4 d4 10. e5 Nfd7 11. Bc4 Nb6 12. Bg5 Be7 13. Ne4 O-O 14. Qb3 Ra7 15.
O-O Nc6 16. Bxf7+ Rxf7 17. Bxe7 Raxe7 18. Neg5 c4 19. Nxf7 Rxf7 20. Qc2 Rxf3
21. gxf3 Bh3 22. Kh1 Qd5 23. Qe4 Bxf1 24. Rxf1 Qxe4 0-1

[Event "BL 1314 Werder Bremen - SK König Tegel"]
[Site "?"]
[Date "2013.11.24"]
[Round "3.5"]
[White "Von Herman, Ulf"]
[Black "Nyback, Tomi"]
[Result "1/2-1/2"]
[WhiteElo "2375"]
[BlackElo "2586"]
[PlyCount "166"]
[EventDate "2013.??.??"]

1. c4 Nf6 2. Nf3 e6 3. d4 d5 4. Bg5 h6 5. Bxf6 Qxf6 6. Nc3 c6 7. g3 Nd7 8. Bg2
dxc4 9. O-O Be7 10. Ne4 Qf5 11. Ned2 e5 12. Nxc4 exd4 13. Nxd4 Qf6 14. e3 O-O
15. Qe2 Re8 16. Rfd1 Bc5 17. Nb3 Bf8 18. Rd4 Nb6 19. Rad1 Nxc4 20. Qxc4 Be6 21.
Qc2 Rad8 22. Nc5 Rxd4 23. Rxd4 Bf5 24. Qc3 Bc8 25. h3 Rd8 26. b4 Rxd4 27. exd4
Qe7 28. a3 g6 29. Nd3 Bg7 30. Ne5 Qd6 31. f4 Be6 32. Qc5 Qxc5 33. dxc5 g5 34.
Kf2 gxf4 35. gxf4 f6 36. Nd3 Kf7 37. Ke3 Ke7 38. Kd4 Kd7 39. a4 Kc7 40. a5 a6
41. Ke3 Kd7 42. Nf2 f5 43. Kd3 Bb2 44. Kc2 Bd4 45. Nd1 Bg1 46. Kd3 Bh2 47. Ke3
Bg3 48. Nf2 Bc4 49. Kf3 Bh4 50. Ke3 Ke6 51. Nd3 Bf6 52. Ne1 Bb2 53. Kd2 Bd5 54.
Bf1 Be4 55. Bc4+ Kf6 56. Be2 Ba3 57. Kc3 Bc1 58. Nd3 Be3 59. h4 Ke6 60. Bd1
Bxd3 61. Kxd3 Bxf4 62. Bf3 Bg3 63. Ke2 Kd7 64. h5 Be5 65. Kd3 Ke6 66. Bg2 Kf6
67. Bh3 Kg5 68. Kd2 Kf4 69. Kd3 Bb8 70. Kd4 Bc7 71. Kd3 Be5 72. Kc4 Ke4 73. Kb3
Bg3 74. Bg2+ Ke3 75. Bh3 Kf4 76. Kc4 Kg5 77. Kb3 Be1 78. Ka3 Kf4 79. Ka4 Ke5
80. Kb3 Bh4 81. Kc3 Bf2 82. Kb3 Bd4 83. Ka3 Kf6 1/2-1/2

[Event "BL 1314 Werder Bremen - SK König Tegel"]
[Site "?"]
[Date "2013.11.24"]
[Round "3.6"]
[White "Fish, Gennadij"]
[Black "Muse, Drazen"]
[Result "0-1"]
[WhiteElo "2470"]
[BlackElo "2404"]
[PlyCount "78"]
[EventDate "2013.??.??"]

1. d4 Nf6 2. c4 c5 3. d5 e5 4. Nc3 d6 5. e4 Be7 6. Be2 O-O 7. Nf3 Bg4 8. O-O
Ne8 9. Ne1 Bxe2 10. Qxe2 Bg5 11. Nd3 Nd7 12. g3 a6 13. a4 Bxc1 14. Raxc1 Nc7
15. a5 g6 16. f4 Ne8 17. Ra1 exf4 18. gxf4 Ng7 19. e5 Re8 20. Qf2 Nf5 21. Rfe1
Rc8 22. Kh1 Qc7 23. Ne4 Kg7 24. Ng3 Nh6 25. Qe2 Qd8 26. Qf3 Qh4 27. e6 Nf6 28.
Kg2 fxe6 29. dxe6 Re7 30. Ra3 Kf8 31. Rb3 Rcc7 32. Rb6 Nf5 33. Nxf5 gxf5 34.
Rxd6 Rg7+ 35. Kh1 Ne4 36. Rxe4 fxe4 37. Qxe4 Qg4 38. Rd8+ Ke7 39. Rd7+ Ke8 0-1

[Event "BL 1314 Werder Bremen - SK König Tegel"]
[Site "?"]
[Date "2013.11.24"]
[Round "3.7"]
[White "Fruebing, Stefan"]
[Black "Joachim, Sven"]
[Result "1/2-1/2"]
[WhiteElo "2404"]
[BlackElo "2378"]
[PlyCount "171"]
[EventDate "2013.??.??"]

1. e4 c5 2. Nf3 Nc6 3. Nc3 d6 4. d4 cxd4 5. Nxd4 Nf6 6. f4 e5 7. Nf3 Be7 8. Bd3
O-O 9. O-O exf4 10. Kh1 Be6 11. Bxf4 Rc8 12. Qd2 Nd7 13. Nb5 Nde5 14. Nbd4 Nxd4
15. Nxd4 Bf6 16. Nxe6 fxe6 17. c3 Qe7 18. Rad1 Rfd8 19. Qe2 a6 20. Bc2 g6 21.
Bb3 Kg7 22. Rd2 Re8 23. Rfd1 Rcd8 24. Be3 Nf7 25. Rf1 Bg5 26. Bd4+ Ne5 27. Rdd1
Rf8 28. Qg4 Be3 29. Qxe6 Qxe6 30. Bxe6 Bxd4 31. cxd4 Nd3 32. Rxf8 Rxf8 33. Kg1
Nxb2 34. Rb1 Na4 35. Rxb7+ Kf6 36. Bc4 Nc3 37. Rb3 Nxe4 38. Rf3+ Kg7 39. Rxf8
Kxf8 40. Bxa6 Nc3 41. a3 Ke7 42. Kf2 d5 43. Ke3 g5 44. Kd3 Ne4 45. a4 Kd6 46.
Bc8 h5 47. Bf5 Nf6 48. h4 gxh4 49. Ke3 Ng8 50. Bg6 Ne7 51. Bxh5 Nc6 52. Be8 Na5
53. Bb5 Nb3 54. Kd3 Kc7 55. Kc3 Na5 56. Be8 Nc4 57. Bh5 Ne3 58. Bf3 Kc6 59. Kd3
Nc4 60. Bd1 Kd6 61. Bb3 Na5 62. Kc3 Nc6 63. Bd1 Na5 64. Be2 Kc7 65. Kb4 Kb6 66.
Bb5 Nb7 67. Be8 Na5 68. Bd7 Nc4 69. Be6 Ne3 70. a5+ Kc7 71. Kc5 Nxg2 72. Bxd5
Nf4 73. Be4 Ne6+ 74. Kd5 Nd8 75. Ke5 h3 76. d5 Nf7+ 77. Kf6 Nd6 78. Bf3 h2 79.
Ke6 Nc4 80. Ke7 Nxa5 81. d6+ Kb6 82. d7 Nb7 83. Bh1 Kc7 84. Bxb7 Kxb7 85. d8=Q
h1=Q 86. Qd7+ 1/2-1/2

[Event "BL 1314 Werder Bremen - SK König Tegel"]
[Site "?"]
[Date "2013.11.24"]
[Round "3.8"]
[White "Lichmann, Peter"]
[Black "Kachibadze, Georg"]
[Result "1-0"]
[WhiteElo "2314"]
[BlackElo "2309"]
[PlyCount "105"]
[EventDate "2013.??.??"]

1. b3 d5 2. Bb2 e6 3. e3 Nf6 4. f4 c5 5. Bb5+ Nbd7 6. Nf3 a6 7. Bxd7+ Bxd7 8.
O-O Be7 9. d3 O-O 10. Nbd2 Qc7 11. Ne5 Be8 12. Qf3 Rd8 13. Rae1 Qa5 14. Rd1 b5
15. a3 Qb6 16. c4 Nd7 17. Nxd7 Rxd7 18. e4 d4 19. f5 Rd8 20. Bc1 e5 21. g4 Bg5
22. Qg3 Be3+ 23. Kh1 f6 24. cxb5 axb5 25. Nf3 Bxc1 26. Rxc1 h6 27. h4 Qd6 28.
Rg1 Kf7 29. Rg2 Rc8 30. Rgc2 c4 31. bxc4 Qxa3 32. Rb1 Rc7 33. Nxd4 bxc4 34. Ne6
Rd7 35. Rxc4 Rxd3 36. Qf2 Rd7 37. Kg2 Qd3 38. Rbc1 Rg8 39. Nc5 Qd2 40. Nxd7
Qxf2+ 41. Kxf2 Bxd7 42. Rc7 Ke7 43. Rd1 Rd8 44. Kg3 Ke8 45. Rd5 Ke7 46. g5 h5
47. Kf3 Ke8 48. gxf6 gxf6 49. Ra7 Ke7 50. Ke3 Ke8 51. Rd6 Ke7 52. Re6+ Kf7 53.
Rc7 1-0

[Event "BL 1314 SG Solingen - SC Eppingen"]
[Site "?"]
[Date "2013.11.24"]
[Round "3.1"]
[White "Harikrishna, P."]
[Black "Ragger, Markus"]
[Result "1/2-1/2"]
[WhiteElo "2704"]
[BlackElo "2672"]
[PlyCount "87"]
[EventDate "2013.??.??"]

1. e4 e5 2. Nf3 Nc6 3. Bb5 a6 4. Ba4 Nf6 5. O-O Be7 6. Re1 b5 7. Bb3 O-O 8. h3
Bb7 9. d3 d5 10. c3 dxe4 11. dxe4 Qxd1 12. Bxd1 Nd7 13. Bc2 Rfd8 14. Be3 f6 15.
Nbd2 a5 16. a4 bxa4 17. Bxa4 Bc5 18. Nb3 Bb6 19. Bb5 Ne7 20. c4 c6 21. Ba4 Bxe3
22. Rxe3 Nb6 23. Nc5 Ba6 24. Rc3 Kf7 25. Bc2 Bc8 26. Rca3 Nd7 27. Rd1 Ng6 28.
Ba4 Ne7 29. Nxe5+ fxe5 30. Rf3+ Kg8 31. Ne6 Ba6 32. Nxd8 Rxd8 33. Rfd3 Bc8 34.
Rd6 Rf8 35. Rxd7 Bxd7 36. Rxd7 Kf7 37. Bxc6 Ke6 38. Bb5 Ra8 39. b3 g5 40. c5
Rc8 41. Rd6+ Kf7 42. c6 Rc7 43. Rd7 Rc8 44. Ra7 1/2-1/2

[Event "BL 1314 SG Solingen - SC Eppingen"]
[Site "?"]
[Date "2013.11.24"]
[Round "3.2"]
[White "L'Ami, Erwin"]
[Black "Berkes, Ferenc"]
[Result "1/2-1/2"]
[WhiteElo "2648"]
[BlackElo "2674"]
[PlyCount "57"]
[EventDate "2013.??.??"]

1. d4 Nf6 2. c4 g6 3. Nc3 d5 4. Nf3 Bg7 5. Bf4 O-O 6. Rc1 dxc4 7. e3 c5 8. Bxc4
cxd4 9. Nxd4 Bd7 10. O-O Nc6 11. Nb3 Na5 12. Be2 Nxb3 13. Qxb3 Bc6 14. Bb5 Qb6
15. Bxc6 Qxb3 16. axb3 bxc6 17. Be5 Nd5 18. Bxg7 Kxg7 19. Na4 Nb4 20. Rc4 a5
21. Rd1 Rfd8 22. Rcd4 Rd5 23. Nb6 Rxd4 24. Rxd4 Rb8 25. Nc4 Rb5 26. Rd1 Nd5 27.
Ra1 Rxb3 28. Nxa5 Rxb2 29. Nxc6 1/2-1/2

[Event "BL 1314 SG Solingen - SC Eppingen"]
[Site "?"]
[Date "2013.11.24"]
[Round "3.3"]
[White "Bologan, Viktor"]
[Black "Stellwagen, Daniel"]
[Result "1/2-1/2"]
[WhiteElo "2662"]
[BlackElo "2604"]
[PlyCount "111"]
[EventDate "2013.??.??"]

1. d4 Nf6 2. c4 g6 3. g3 c6 4. Bg2 d5 5. Qa4 dxc4 6. Qxc4 Bg7 7. Nf3 O-O 8. O-O
Bf5 9. Bf4 Nbd7 10. Qc1 c5 11. Nc3 Qa5 12. Rd1 Rac8 13. Bh6 cxd4 14. Bxg7 Kxg7
15. Nxd4 Be4 16. Bh3 e6 17. Bxe6 fxe6 18. Nxe6+ Kf7 19. Qg5 Qf5 20. Qxf5 Bxf5
21. Nxf8 Kxf8 22. f3 Ne5 23. Rac1 Be6 24. b3 Ke7 25. Kf2 a6 26. g4 Nexg4+ 27.
Kg1 Ne5 28. Nd5+ Nxd5 29. Rxc8 Bxc8 30. Rxd5 Nc6 31. Kf2 Be6 32. Rd2 g5 33. Kg3
a5 34. h4 h6 35. e4 b5 36. f4 gxf4+ 37. Kxf4 Nb4 38. Ke3 Nc6 39. Rg2 Kf6 40.
Rc2 Ne5 41. Rc5 Bd7 42. Kd4 Nf3+ 43. Kd5 Ke7 44. Rc7 Nxh4 45. Ra7 a4 46. Ra6 h5
47. bxa4 bxa4 48. e5 Ng2 49. Ke4 h4 50. e6 Bxe6 51. Rxa4 Ne1 52. Ke3 h3 53. Kf2
h2 54. Rh4 Nd3+ 55. Kg3 Bxa2 56. Rxh2 1/2-1/2

[Event "BL 1314 SG Solingen - SC Eppingen"]
[Site "?"]
[Date "2013.11.24"]
[Round "3.5"]
[White "Bogner, Sebastian"]
[Black "Naumann, Alexander"]
[Result "1/2-1/2"]
[WhiteElo "2557"]
[BlackElo "2544"]
[PlyCount "97"]
[EventDate "2013.??.??"]

1. Nf3 d5 2. c4 c6 3. e3 Nf6 4. Nc3 e6 5. b3 Bd6 6. Bb2 O-O 7. Be2 Re8 8. d4
Nbd7 9. O-O b6 10. Rc1 Bb7 11. Qc2 Qe7 12. Rfd1 Rad8 13. g3 Rc8 14. Bf1 c5 15.
cxd5 Nxd5 16. Nxd5 exd5 17. dxc5 Nxc5 18. Bh3 Rc7 19. Nd4 Na4 20. Nf5 Qd8 21.
Qd2 Nxb2 22. Nxd6 Nxd1 23. Rxc7 Qxc7 24. Nxe8 Qc6 25. Qd4 Qxe8 26. Qxd1 Qe5 27.
Bg2 Kf8 28. h4 h6 29. Qd2 g5 30. f4 Qa1+ 31. Kh2 gxh4 32. g4 Bc8 33. Qxd5 Bxg4
34. Qd8+ Kg7 35. Qxh4 Be6 36. e4 Qxa2 37. f5 Qxb3 38. Qg4+ Kf6 39. Qh4+ Ke5 40.
Qe7 Qe3 41. Qc7+ Kf6 42. fxe6 Kxe6 43. Bh3+ Kf6 44. Qd6+ Kg7 45. Qe5+ Kf8 46.
Qd6+ Kg7 47. Qe5+ Kf8 48. Qh8+ Ke7 49. Qe5+ 1/2-1/2

[Event "BL 1314 SG Solingen - SC Eppingen"]
[Site "?"]
[Date "2013.11.24"]
[Round "3.7"]
[White "Tiviakov, Sergei"]
[Black "Wegerle, Joerg"]
[Result "1-0"]
[WhiteElo "2663"]
[BlackElo "2429"]
[PlyCount "149"]
[EventDate "2013.??.??"]

1. e4 e6 2. d4 d5 3. Nd2 dxe4 4. Nxe4 Bd7 5. Nf3 Bc6 6. Bd3 Nd7 7. O-O Ngf6 8.
Ng3 g6 9. b3 Bg7 10. Ba3 Bf8 11. Bb2 Bg7 12. c4 O-O 13. Re1 b6 14. Ne5 Bb7 15.
Qe2 c5 16. Rad1 cxd4 17. Bxd4 Qe7 18. Nxd7 Nxd7 19. Bxg7 Kxg7 20. Be4 Nc5 21.
Bxb7 Nxb7 22. Qe5+ Kg8 23. Re3 Rad8 24. Rde1 Nd6 25. Rf3 f5 26. Qxe6+ Qxe6 27.
Rxe6 Ne4 28. h4 Rd1+ 29. Kh2 Rd2 30. Nxe4 fxe4 31. Rxf8+ Kxf8 32. Rxe4 Rxa2 33.
Kg3 Ra3 34. Re3 a5 35. Kf4 a4 36. bxa4 Rxa4 37. Re4 Ra2 38. Ke3 Rc2 39. Rf4+
Ke7 40. Kd4 Ke6 41. g4 Rb2 42. g5 b5 43. Rf6+ Ke7 44. Kc3 Rb1 45. c5 Rc1+ 46.
Kb4 Rb1+ 47. Ka5 b4 48. c6 b3 49. Kb4 b2 50. Kb3 Rh1 51. Kxb2 Rxh4 52. Kc3 Kd8
53. f4 Kc7 54. Kd4 Rh1 55. Kd5 Rd1+ 56. Ke6 Kxc6 57. Kf7+ Kd5 58. Kg8 Rh1 59.
Rf7 Ke4 60. Rxh7 Rf1 61. Ra7 Rxf4 62. Kg7 Kf5 63. Ra5+ Ke6 64. Kxg6 Ke7 65.
Ra7+ Kf8 66. Ra8+ Ke7 67. Kh6 Rh4+ 68. Kg7 Rh2 69. g6 Rg2 70. Ra1 Ke6 71. Re1+
Kd7 72. Kf7 Rf2+ 73. Kg8 Rg2 74. g7 Rh2 75. Re4 1-0

[Event "BL 1314 SG Solingen - SC Eppingen"]
[Site "?"]
[Date "2013.11.24"]
[Round "3.8"]
[White "Schaefer, Markus"]
[Black "Postny, Evgeny"]
[Result "0-1"]
[WhiteElo "2394"]
[BlackElo "2635"]
[PlyCount "116"]
[EventDate "2013.??.??"]

1. e4 c6 2. d4 d5 3. Nc3 dxe4 4. Nxe4 Bf5 5. Nc5 b6 6. Nb3 e6 7. Nf3 Bd6 8. g3
Ne7 9. Bg2 h6 10. O-O O-O 11. Qe2 Nd7 12. c4 Rc8 13. Rd1 Bg4 14. Nbd2 Nf6 15.
b3 b5 16. Bb2 bxc4 17. Nxc4 Nfd5 18. Rac1 Bh5 19. Nxd6 Bxf3 20. Bxf3 Qxd6 21.
Qa6 Rfd8 22. Ba3 Qb8 23. Bc5 Rd7 24. Qe2 Rcd8 25. Bxe7 Nxe7 26. Bxc6 Rxd4 27.
Rxd4 Rxd4 28. Qb5 Qd8 29. Bf3 Rd2 30. Qc5 a5 31. a3 Kh7 32. Re1 g6 33. b4 axb4
34. axb4 Nf5 35. Be4 Nd4 36. Qe5 Rb2 37. Ra1 Re2 38. Qf4 Qd7 39. Qf6 Rxe4 40.
Ra8 Re1+ 41. Kg2 Qd5+ 42. f3 Qxf3+ 43. Qxf3 Nxf3 44. Kxf3 Rb1 45. Rb8 g5 46.
Ke4 Kg6 47. Ke5 Rb2 48. b5 Rxh2 49. b6 Kh5 50. b7 Rb2 51. Kd6 Kg4 52. Kc7 Kxg3
53. Rh8 f5 54. Rxh6 f4 55. Rxe6 Rxb7+ 56. Kxb7 f3 57. Ra6 f2 58. Ra1 g4 0-1

[Event "BL 1314 SG Turm Trier - Bayern München"]
[Site "?"]
[Date "2013.11.24"]
[Round "3.1"]
[White "Graf, Felix"]
[Black "Erdos, Viktor"]
[Result "1/2-1/2"]
[WhiteElo "2485"]
[BlackElo "2658"]
[PlyCount "90"]
[EventDate "2013.??.??"]

1. Nf3 c5 2. c4 Nc6 3. Nc3 g6 4. e3 Nf6 5. d4 cxd4 6. exd4 d5 7. Bg5 Be6 8.
Bxf6 exf6 9. c5 a6 10. Be2 Bg7 11. O-O g5 12. b4 g4 13. Ne1 f5 14. Nc2 Qf6 15.
b5 Nxd4 16. bxa6 bxa6 17. Nxd4 Qxd4 18. Qxd4 Bxd4 19. Rac1 Bxc3 20. Rxc3 Kd7
21. f3 Rhb8 22. Bd3 h5 23. c6+ Kd6 24. c7 Rc8 25. Rfc1 Bd7 26. Kf2 f4 27. g3
fxg3+ 28. hxg3 gxf3 29. Kxf3 a5 30. Kf4 a4 31. a3 Ra5 32. Bf5 Ra7 33. Bxd7 Kxd7
34. Rc5 Raxc7 35. Rxd5+ Ke6 36. Rxc7 Rxc7 37. Rd4 Ra7 38. Kg5 Ra5+ 39. Kh4 Kf6
40. Rb4 Kg6 41. Rc4 f6 42. Rb4 Ra7 43. Rf4 Ra6 44. Rb4 Ra7 45. Rf4 Ra5 1/2-1/2

[Event "BL 1314 SG Turm Trier - Bayern München"]
[Site "?"]
[Date "2013.11.24"]
[Round "3.2"]
[White "Lupulescu, Constantin"]
[Black "Schenk, Andreas"]
[Result "1/2-1/2"]
[WhiteElo "2630"]
[BlackElo "2486"]
[PlyCount "63"]
[EventDate "2013.??.??"]

1. d4 d5 2. c4 e6 3. Nf3 Nf6 4. Nc3 c6 5. Bg5 h6 6. Bxf6 Qxf6 7. e3 g6 8. Bd3
Bg7 9. e4 dxe4 10. Nxe4 Qd8 11. Qd2 O-O 12. h4 f5 13. Nc3 c5 14. d5 e5 15. Be2
e4 16. Ng1 Nd7 17. O-O-O Ne5 18. f3 exf3 19. Nxf3 Ng4 20. Bd3 Bd7 21. Rhe1 Qb6
22. Re2 Rae8 23. Rde1 Rxe2 24. Rxe2 Qd6 25. Kb1 a6 26. Qc2 Nh2 27. Ne1 h5 28.
Qd2 Kh7 29. Nc2 Ng4 30. Ne1 Nh2 31. Nc2 Ng4 32. Ne1 1/2-1/2

[Event "BL 1314 SG Turm Trier - Bayern München"]
[Site "?"]
[Date "2013.11.24"]
[Round "3.3"]
[White "Belezky, Alexander"]
[Black "Howell, David W L"]
[Result "0-1"]
[WhiteElo "2457"]
[BlackElo "2644"]
[PlyCount "102"]
[EventDate "2013.??.??"]

1. Nf3 d5 2. b3 Bg4 3. Bb2 Bxf3 4. exf3 e6 5. f4 Nf6 6. g3 g6 7. Bg2 Bg7 8. O-O
O-O 9. d3 c5 10. Nd2 Ne8 11. c3 Qa5 12. Qc2 Nc6 13. Rac1 Rc8 14. Qb1 Nd6 15.
Nf3 Rfd8 16. Rfe1 b5 17. Ne5 Nf5 18. Bh3 Nxe5 19. fxe5 Qc7 20. d4 Qb6 21. dxc5
Rxc5 22. Ba3 Rc6 23. Bxf5 gxf5 24. Qd3 Rdc8 25. Bb2 a5 26. Rcd1 a4 27. bxa4
bxa4 28. Rb1 Qc7 29. f4 Rc4 30. Ba1 Qc6 31. Qf3 Re4 32. Red1 Bf8 33. Kg2 d4 34.
Rd3 dxc3 35. Bxc3 Re2+ 36. Kh3 Qxf3 37. Rxf3 Rxa2 38. Bd4 a3 39. g4 fxg4+ 40.
Kxg4 Rxh2 41. Rg3 Rh6 42. f5 exf5+ 43. Kxf5+ Rg6 44. Rf3 Rc4 45. Rf4 a2 46. Ra1
Bh6 47. Rxa2 Bxf4 48. Ra8+ Kg7 49. e6+ Rxd4 50. Rg8+ Kh6 51. e7 Rxg8 0-1

[Event "BL 1314 SG Turm Trier - Bayern München"]
[Site "?"]
[Date "2013.11.24"]
[Round "3.4"]
[White "Cyborowski, Lukasz"]
[Black "Jorczik, Julian"]
[Result "1-0"]
[WhiteElo "2526"]
[BlackElo "2397"]
[PlyCount "83"]
[EventDate "2013.??.??"]

1. Nf3 Nf6 2. c4 b6 3. g3 Bb7 4. Bg2 e6 5. O-O Be7 6. Nc3 O-O 7. Re1 c5 8. e4
d6 9. d4 cxd4 10. Nxd4 Qc8 11. Be3 a6 12. Rc1 Nbd7 13. f4 Qc7 14. f5 e5 15. Nb3
Qd8 16. Nd5 Nxd5 17. cxd5 Bg5 18. Bxg5 Qxg5 19. Rc7 Bc8 20. Qc1 Qd8 21. Qc6 Nc5
22. Qxb6 Na4 23. Qa5 Nxb2 24. Rc6 Qe7 25. Bf1 Bd7 26. Qc7 Rfd8 27. Qxd6 Kf8 28.
Qxe7+ Kxe7 29. Rxa6 Rxa6 30. Bxa6 Ra8 31. Nc5 Kd6 32. Rc1 Na4 33. Nxa4 Rxa6 34.
Nc5 Rxa2 35. Nb7+ Ke7 36. Rc7 Ke8 37. Nc5 Bb5 38. Rb7 Bc4 39. d6 Ra8 40. Re7+
Kf8 41. Nd7+ Kg8 42. Nb6 1-0

[Event "BL 1314 SG Turm Trier - Bayern München"]
[Site "?"]
[Date "2013.11.24"]
[Round "3.5"]
[White "Meister, Peter"]
[Black "Parligras, Mircea-Emilian"]
[Result "1-0"]
[WhiteElo "2403"]
[BlackElo "2576"]
[PlyCount "79"]
[EventDate "2013.??.??"]

1. d4 Nf6 2. Nf3 e6 3. e3 b6 4. Bd3 Bb7 5. O-O c5 6. b3 cxd4 7. exd4 g6 8. c4
Bg7 9. Ba3 d6 10. Nc3 O-O 11. Rc1 Nc6 12. Re1 a6 13. Ne4 Ne8 14. Bb1 Ne7 15. h4
h5 16. Neg5 Qd7 17. c5 bxc5 18. dxc5 Bd5 19. Ne4 dxc5 20. Bxc5 Rd8 21. Nc3 Bb7
22. Qe2 Nf6 23. Ne5 Qc7 24. b4 Nfd5 25. Nxd5 Rxd5 26. Nxg6 Nxg6 27. Bxf8 Qf4
28. Bxg7 Rd2 29. Qe3 Qg4 30. Be4 Bxe4 31. Qxe4 Kxg7 32. Qxg4 hxg4 33. g3 Rxa2
34. Rc4 Rb2 35. Rxg4 f5 36. Rd4 e5 37. Rd7+ Kh6 38. Rd6 e4 39. Rc1 Kh5 40. g4+
1-0

[Event "BL 1314 SG Turm Trier - Bayern München"]
[Site "?"]
[Date "2013.11.24"]
[Round "3.6"]
[White "Gordon, Stephen J"]
[Black "Zajogin, Alexander"]
[Result "1-0"]
[WhiteElo "2518"]
[BlackElo "2390"]
[PlyCount "59"]
[EventDate "2013.??.??"]

1. c4 e6 2. g3 d5 3. Bg2 g6 4. Nf3 Bg7 5. d4 Ne7 6. O-O O-O 7. Nc3 Nbc6 8. cxd5
exd5 9. Bf4 Be6 10. Qa4 a6 11. Rad1 Nf5 12. e3 Nce7 13. Qb3 Rb8 14. Ng5 h6 15.
Nxe6 fxe6 16. Be5 Nc6 17. Ne2 Bxe5 18. dxe5 Qe8 19. Nf4 Kh7 20. e4 dxe4 21.
Bxe4 Ncd4 22. Qc4 c5 23. Qxc5 Rc8 24. Qb4 Nc6 25. Qxb7+ Rf7 26. Qxa6 Nxe5 27.
Qxe6 Qxe6 28. Nxe6 Re7 29. Nd4 Nd6 30. Bg2 1-0

[Event "BL 1314 SG Turm Trier - Bayern München"]
[Site "?"]
[Date "2013.11.24"]
[Round "3.7"]
[White "Fedorovsky, Michael"]
[Black "Jaracz, Pawel"]
[Result "1-0"]
[WhiteElo "2382"]
[BlackElo "2502"]
[PlyCount "41"]
[EventDate "2013.??.??"]

1. d4 Nf6 2. c4 e6 3. Nc3 Bb4 4. Qc2 O-O 5. Nf3 d6 6. Bd2 c5 7. a3 Bxc3 8. Bxc3
cxd4 9. Nxd4 e5 10. Nf5 Qc7 11. e4 Bxf5 12. exf5 d5 13. cxd5 Nxd5 14. Rc1 Nc6
15. Bd3 Qb6 16. O-O Rfd8 17. Rfe1 Rd7 18. Bxe5 Ndb4 19. axb4 Nxb4 20. Qa4 Rxd3
21. Bc7 1-0

[Event "BL 1314 SG Turm Trier - Bayern München"]
[Site "?"]
[Date "2013.11.24"]
[Round "3.8"]
[White "Gonda, Laszlo"]
[Black "Singer, Christoph"]
[Result "1-0"]
[WhiteElo "2543"]
[BlackElo "2353"]
[PlyCount "85"]
[EventDate "2013.??.??"]

1. c4 e6 2. g3 d5 3. Bg2 Nf6 4. Nf3 dxc4 5. Qa4+ Nbd7 6. Qxc4 c5 7. d3 a6 8.
Qb3 Ra7 9. a4 b6 10. Na3 Be7 11. O-O O-O 12. Nc4 Bb7 13. Bd2 Re8 14. e4 Bf8 15.
Bc3 Bc6 16. Rfd1 Qa8 17. Nce5 Bb7 18. Nxd7 Nxd7 19. Ne5 Bc6 20. Nxc6 Qxc6 21.
d4 cxd4 22. Bxd4 e5 23. Be3 Bc5 24. Rac1 Qb7 25. Bh3 Nf6 26. f3 Bxe3+ 27. Qxe3
h6 28. Rd6 a5 29. Rxb6 Qe7 30. Qc5 Rd8 31. Qxe7 Rxe7 32. Rc2 Rd4 33. b3 Rd3 34.
Kf2 Re8 35. Bf1 Rd4 36. Ra6 Red8 37. Rxa5 g5 38. g4 h5 39. h3 Kg7 40. Rxe5 Kg6
41. a5 Rd2+ 42. Rxd2 Rxd2+ 43. Ke3 1-0

[Event "BL 1314 SV Mülheim Nord - Turm Emsdette"]
[Site "?"]
[Date "2013.11.24"]
[Round "3.3"]
[White "Mchedlishvili, Mikheil"]
[Black "Fridman, Daniel"]
[Result "1/2-1/2"]
[WhiteElo "2631"]
[BlackElo "2600"]
[PlyCount "89"]
[EventDate "2013.??.??"]

1. d4 d5 2. c4 e6 3. Nc3 Be7 4. cxd5 exd5 5. Bf4 Nf6 6. e3 Bf5 7. Nge2 O-O 8.
Ng3 Be6 9. Bd3 c5 10. O-O cxd4 11. exd4 Nc6 12. Nge2 Nb4 13. Bb1 Rc8 14. Re1
Nc6 15. Bg5 Nh5 16. Bxe7 Qxe7 17. Qd2 Qh4 18. Bc2 Na5 19. Rad1 Nc4 20. Qc1 Nd6
21. Bb3 Rfd8 22. Qd2 Nc4 23. Bxc4 Rxc4 24. f3 g6 25. Qe3 Rc6 26. Qh6 Bc8 27.
Qe3 Rb6 28. Qd2 Be6 29. Nc1 Ng7 30. Nb3 Qe7 31. Nc5 Rc6 32. Nd3 b6 33. Nf4 Rcd6
34. Qe3 Qg5 35. Qe5 h6 36. Nd3 R6d7 37. Qe2 Rc7 38. Ne5 Rdc8 39. Qd2 f6 40. Nd3
Bf7 41. Nf4 Rd7 42. Nh3 Qxd2 43. Rxd2 Nf5 44. Nf2 h5 45. Nfd1 1/2-1/2

[Event "BL 1314 SV Mülheim Nord - Turm Emsdette"]
[Site "?"]
[Date "2013.11.24"]
[Round "3.4"]
[White "Berelowitsch, Alexander"]
[Black "Grandelius, Nils"]
[Result "1/2-1/2"]
[WhiteElo "2542"]
[BlackElo "2557"]
[PlyCount "65"]
[EventDate "2013.??.??"]

1. e4 c5 2. Nf3 d6 3. d4 cxd4 4. Nxd4 Nf6 5. Nc3 a6 6. g3 e6 7. Bg2 Bd7 8. O-O
Nc6 9. Re1 Be7 10. Nxc6 Bxc6 11. a4 O-O 12. Be3 Rc8 13. a5 Nd7 14. Na4 f5 15.
Nb6 Nxb6 16. Bxb6 Qd7 17. c3 fxe4 18. Bxe4 Bxe4 19. Rxe4 d5 20. Qd3 Bc5 21.
Bxc5 Rxc5 22. Re2 Rf6 23. Qd4 Qc7 24. Rae1 Rc4 25. Qa7 Rc6 26. Re5 h6 27. R1e2
Kf7 28. Kg2 Rc5 29. f4 Qc6 30. Kh3 Qc8 31. Kg2 Qc6 32. Kh3 Qc8 33. Kg2 1/2-1/2